British PMs By Picture - Statistics

General Stats
  • This quiz has been taken 70 times
  • The average score is 13 of 16
Answer Stats
Picture Answer % Correct
Margaret Thatcher
100%
Winston Churchill
100%
Boris Johnson
98%
Theresa May
98%
David Cameron
95%
Tony Blair
94%
Clement Attlee
88%
Gordon Brown
85%
John Major
85%
Neville Chamberlain
85%
Edward Heath
79%
Harold Wilson
79%
Anthony Eden
70%
Harold Macmillan
67%
James Callaghan
65%
Alec Douglas-Home
53%
No matching quizzes found
Score Distribution
Percent of People with Each Score
Percentile by Number Answered
Your Score History
You have not taken this quiz